000 00482nam a2200169Ia 4500
999 _c12160
_d12160
003 OSt
005 20201019125024.0
008 190216s9999||||xx |||||||||||||| ||und||
040 _coclc
082 _a291.1
_bRAD/R
100 _aRadhakrishnan, S
_9344
245 0 _aRecovery Of Faith /
_cS Radhakrishnan
260 _bHind Pocket Books ,
_c1955.
_aNew Delhi:
300 _a187p
650 _aEnglish General
942 _cBK
_2ddc
_h291.1
_iRAD/R
_k291.1
_mRAD/R